| 000 | 04546nam a2200445 i 4500 | ||
|---|---|---|---|
| 001 | 22350805 | ||
| 003 | EG-ScBUE | ||
| 005 | 20230305034327.0 | ||
| 008 | 211214t2020 nyua f b 001 0 eng d | ||
| 020 | _a9781260469424 | ||
| 020 | _a1260469425 | ||
| 035 | _a(OCoLC)on1155439715 | ||
| 040 |
_aIWO _beng _erda _cIWO _dOCLCO _dYDX _dOCLCF _dYDXIT _dCUV _dOCLCA _dKOS _dOCLCO _dDLC _dEG-ScBUE |
||
| 082 | 0 | 4 |
_a616.9041 _222 _bLEV |
| 100 | 1 |
_aLevinson, Warren, _eauthor. |
|
| 245 | 1 | 0 |
_aReview of medical microbiology & immunology : _ba guide to clinical infectious diseases / _cWarren Levinson, MD, PhD [and four others] |
| 246 | 3 | _aReview of medical microbiology and immunology | |
| 246 | 3 | 0 | _aMedical microbiology and immunology |
| 250 | _aSixteenth edition. | ||
| 264 | 1 |
_aNew York : _bMcGraw-Hill Education, _c[2020] |
|
| 264 | 4 | _cc2020 | |
| 300 |
_axi, 846 pages : _billustrations (chiefly color) ; _c28 cm |
||
| 336 |
_atext _btxt _2rdacontent |
||
| 337 |
_aunmediated _bc _2rdamedia |
||
| 338 |
_avolume _bcr _2rdacarrier |
||
| 500 | _a"A Lange medical book." | ||
| 500 | _aRevised edition of: Review of medical microbiology and immunology / Warren Levinson. Fifteenth edition. [2018] | ||
| 504 | _aIncludes bibliographical references and index. | ||
| 505 | 0 | _aPart I: Basic bacteriology. Bacteria compared with other microorganisms -- Structure of bacterial cells -- Growth -- Genetics -- Classification of medically important bacteria -- The human microbiome -- Pathogenesis -- Host defenses -- Laboratory diagnosis -- Antibacterial drugs: mechanism of action -- Antibacterial drugs: resistance -- Bacterial vaccines -- Sterilization & disinfection -- Part II: Clinical bacteriology. Overview of the major pathogens & introduction to anaerobic bacteria -- Gram-positive cocci -- Gram-negative cocci -- Gram-positive rods -- Gram-negative rods related to the enteric tract -- Gram-negative rods related to the respiratory tract -- Gram-negative rods related to animal sources (zoonotic organisms) -- Mycobacteria -- Actinomycetes -- Mycoplasmas -- Spirochetes -- Chlamydiae -- Rickettsiae -- Minor bacterial pathogens -- Part III: Basic virology. Introduction -- Structure -- Replication -- Genetics & gene therapy -- Classification of medically important viruses -- Pathogenesis -- Host defenses -- Laboratory diagnosis -- Antiviral drugs -- Viral vaccines -- Part IV: Clinical virology. Introduction -- Herpesviruses, poxviruses, & human papilloma virus -- Respiratory viruses -- Important childhood viruses -- Viruses that infect the enteric tract -- Hepatitis viruses -- Arboviruses, rabies virus, & Ebola virus -- Tumor viruses -- Slow viruses & prions -- Human immunodeficiency virus -- Minor viral pathogens -- Part V: Mycology. Basic mycology -- Cutaneous & subcutaneous mycoses -- Systemic mycoses -- Opportunistic mycoses -- Part VI: Parasitology. Introduction -- Intestinal & urogenital: protozoa -- Blood & tissue protozoa -- Minor protozoan pathogens -- Cestodes -- Trematodes -- Nematodes -- Part VII: Immunology. Overview of immunity -- Innate immunity -- Adaptive immunity: lymphocyte antigen receptors -- Adaptive immunity: T-cell-mediated immunity -- Adaptive immunity: B cells & antibodies -- Major histocompatibility complex & transplantation -- Complement -- Antigen-antibody reactions in the laboratory -- Hypersensitivity (allergy) -- Tolerance & autoimmune disease -- Tumor immunity -- Immunodeficiency -- Part VIII: Ectoparasites. Ectoparasites that cause human disease -- Part IX: Infectious diseases. Bone & joint infections -- Cardiac infections -- Central nervous system infections -- Gastrointestinal tract infections -- Pelvic infections -- Upper respiratory tract infections -- Lower respiratory tract infections -- Infections of the skin & skin structures -- Urinary tract infections -- Sepsis & septic shock -- Eye infections -- Part X: Brief summaries of medically important organisms -- Part XI: Clinical cases -- Part XII: Pearls for the USMLE. | |
| 650 | 7 |
_aMedical microbiology _vOutlines, syllabi, etc. _2BUEsh |
|
| 650 | 7 |
_aClinical immunology _vOutlines, syllabi, etc. _2BUEsh |
|
| 650 | 7 |
_aMicrobiology _vExaminations, questions, etc. _2BUEsh |
|
| 650 | 7 |
_aMicrobiology _vOutlines, syllabi, etc. _2BUEsh |
|
| 653 |
_bPPhrm _cMarch2023 |
||
| 655 | _vReading book | ||
| 906 |
_a7 _bcbc _ccopycat _d2 _encip _f20 _gy-gencatlg |
||
| 942 |
_2ddc _cBB |
||
| 999 |
_c30191 _d30162 |
||